Generadores de vapor multitubulares de tubos de agua (Record no. 187709)
[ view plain ]
| 000 -LEADER | |
|---|---|
| campo de control de longitud fija | 00562nam a2200157 i 4500 |
| 001 - NÚMERO DE CONTROL | |
| campo de control | 187709 |
| 003 - IDENTIFICADOR DE NÚMERO DE CONTROL | |
| campo de control | ES-MaACL |
| 005 - FECHA Y HORA DE LA ÚLTIMA TRANSACCIÓN | |
| campo de control | 20230906223018.0 |
| 008 - DATOS DE LONGITUD FIJA--INFORMACIÓN GENERAL | |
| campo de control de longitud fija | 180129q19001910be |||| | spa d |
| 245 00 - MENCIÓN DEL TÍTULO | |
| Título | Generadores de vapor multitubulares de tubos de agua |
| Resto del título | : G. Bailly-Mathot, Chênée, cerca de Lieja (Bélgica). |
| 260 ## - PUBLICACIÓN, DISTRIBUCIÓN, ETC. | |
| Lugar de publicación, distribución, etc. | [S.l. : |
| Nombre del editor, distribuidor, etc. | s.n., |
| Fecha de publicación, distribución, etc. | 190?] ( |
| Lugar de fabricación/manufactura | Anvers : |
| Fabricante | Laporte&Dosse) |
| 300 ## - DESCRIPCIÓN FÍSICA | |
| Extensión | 31 p.,[1] h. pleg. : |
| Otras características físicas | il. ; |
| Dimensiones | 23 cm. |
| 650 #4 - PUNTO DE ACCESO ADICIONAL DE MATERIA--TÉRMINO DE MATERIA | |
| Término de materia o nombre geográfico como elemento de entrada | Calderas de vapor. |
| 9 (RLIN) | 164125 |
| 710 2# - ENTRADA AGREGADA--NOMBRE DE ENTIDAD CORPORATIVA | |
| Nombre de entidad corporativa o nombre de jurisdicción como elemento de entrada | G. Bailly-Mathot (Chênée) |
| 9 (RLIN) | 164126 |
| 852 ## - LOCALIZACIÓN | |
| Ubicación | ES-MaACL |
| Número de control de estantería | T-1163-F-2 |
| Estatus retirado | Estado de pérdida | Estado de daño | No para préstamo | Colección | Biblioteca de origen | Biblioteca actual | Ubicación en estantería | Fecha de adquisición | Fuente de adquisición | Total de préstamos | Signatura topográfica completa | Código de barras | Visto por última vez | Precio de reemplazo | Tipo de ítem Koha |
|---|---|---|---|---|---|---|---|---|---|---|---|---|---|---|---|
| Colección de folletos | Biblioteca del Ateneo de Madrid | Biblioteca del Ateneo de Madrid | Depósito folletos | 29/01/2018 | T-1163-F-2 | 1198296 | 23/02/2023 | 23/02/2023 | Folleto |
